000
00237nam a2200097Ia 4500
001
649836
005
20250826154347.0
008
250824s9999 xx 000 0 und d
245
0
_a
KATIRASLAN
_c
CAHİT ZARİFOĞLU
260
_b
BEYAN YAYINLARI
999
_c
649836
_d
649836